Ч. 1: Механика; Практические занятия по общей физике

التفاصيل البيبلوغرافية
Parent link:Практические занятия по общей физике: учебное пособие/ Б. В. Горячев, С. Б. Могильницкий; Национальный исследовательский Томский политехнический университет (ТПУ), Физико-технический институт (ФТИ), Кафедра общей физики (ОФ). Ч. 1: Механика.— , 2013
المؤلف الرئيسي: Горячев Б. В. Борис Валентинович
مؤلف مشترك: Национальный исследовательский Томский политехнический университет
مؤلفون آخرون: Могильницкий С. Б. Сергей Борисович
الملخص:Заглавие с титульного экрана
Электронная версия печатной публикации
В пособии дано краткое изложение основных законов, явлений и понятий физической механики, молекулярной физики, термодинамики; рассмотрены примеры решения задач по соответствующим разделам; предложены задачи для самостоятельного решения по каждому разделу. Предназначено для студентов инженерных специальностей, изучающих курс физики в течение трех семестров
Режим доступа: из корпоративной сети ТПУ
اللغة:الروسية
منشور في: 2013
الموضوعات:
الوصول للمادة أونلاين:http://www.lib.tpu.ru/fulltext2/m/2013/m345.pdf
التنسيق: MixedMaterials الكتروني كتاب
KOHA link:https://koha.lib.tpu.ru/cgi-bin/koha/opac-detail.pl?biblionumber=247470

MARC

LEADER 00000nam2a2200000 4500
001 247470
005 20250704172100.0
035 |a (RuTPU)RU\TPU\book\268955 
090 |a 247470 
100 |a 20131225d2013 m y0rusy50 ca 
101 0 |a rus 
102 |a RU 
105 |a a j 001zy 
135 |a drcn ---uucaa 
181 0 |a i  
182 0 |a b 
200 0 |a Ч. 1: Механика 
203 |a Текст  |c электронный 
210 |d 2013 
300 |a Заглавие с титульного экрана 
300 |a Электронная версия печатной публикации 
330 |a В пособии дано краткое изложение основных законов, явлений и понятий физической механики, молекулярной физики, термодинамики; рассмотрены примеры решения задач по соответствующим разделам; предложены задачи для самостоятельного решения по каждому разделу. Предназначено для студентов инженерных специальностей, изучающих курс физики в течение трех семестров 
333 |a Режим доступа: из корпоративной сети ТПУ 
337 |a Adobe Reader 
452 1 |0 (RuTPU)RU\TPU\book\263096  |y 978-5-4387-0254-2  |t Ч. 1: Механика  |d 2013  |p 86 с. 
461 1 |0 247465  |t Практические занятия по общей физике  |o учебное пособие  |f Б. В. Горячев, С. Б. Могильницкий  |g Национальный исследовательский Томский политехнический университет (ТПУ), Физико-технический институт (ФТИ), Кафедра общей физики (ОФ)  |v Ч. 1: Механика  |d 2013  |9 247465 
606 1 |a Физика  |2 stltpush  |3 (RuTPU)RU\TPU\subj\63709  |9 80688 
606 1 |a Механика  |2 stltpush  |3 (RuTPU)RU\TPU\subj\67812  |9 83462 
610 1 |a электронный ресурс 
610 1 |a учебные пособия 
610 1 |a труды учёных ТПУ 
610 1 |a кинематика 
610 1 |a динамика 
610 1 |a законы сохранения 
610 1 |a релятивистская механика 
610 1 |a механические колебания 
675 |a 53(076.5)  |v 3 
675 |a 531(076.5)  |v 3 
700 1 |a Горячев  |b Б. В.  |c физик  |c доцент Томского политехнического университета, кандидат физико-математических наук  |f 1947-  |g Борис Валентинович  |9 11399 
701 1 |a Могильницкий  |b С. Б.  |c физик  |c доцент Томского политехнического университета, кандидат физико-математических наук  |f 1951-  |g Сергей Борисович  |9 11409 
712 0 2 |a Национальный исследовательский Томский политехнический университет  |c (2009- )  |9 26305 
801 1 |a RU  |b 63413507  |c 20131225 
801 2 |a RU  |b 63413507  |c 20131225  |g RCR 
850 |a 63413507 
856 4 |u http://www.lib.tpu.ru/fulltext2/m/2013/m345.pdf 
942 |c CF